Buried by the Times : the Holocaust and America's most important newspaper /
An in-depth look at how The New York Times failed in its coverage of the fate of European Jews from 1939-1945. It examines how the decisions that were made at The Times ultimately resulted in the minimizing and misunderstanding of modern history's worst genocide. Laurel Leff, a veteran journali...
| Main Author: | |
|---|---|
| Format: | Book |
| Language: | English |
| Published: |
New York :
Cambridge University Press,
2005.
|
| Subjects: | |
| Online Access: | Table of contents Contributor biographical information Publisher description |
MARC
| Tag | First Indicator | Second Indicator | Subfields |
|---|---|---|---|
| LEADER | 00000cam a22000004i 4500 | ||
| 001 | in00004817841 | ||
| 008 | 040809s2005 nyuab b 001 0 eng | ||
| 005 | 20240808225542.9 | ||
| 010 | |a 2004018271 | ||
| 035 | |a (OCoLC)ocm56192330 | ||
| 040 | |a DLC |b eng |e rda |c DLC |d YDX |d YBM |d UKM |d BAKER |d MBB |d IXA |d SYB |d NLGGC |d BTCTA |d LVB |d YDXCP |d UWC |d EDK |d DEBBG |d IG# |d UKMGB |d ZID |d OCLCF |d P4I |d DEBSZ |d OCLCQ |d OCLCO |d OCLCA |d OCLCQ |d CSJ |d OCLCQ |d OCLCO |d MIC |d OCLCA |d OCLCQ |d OCLCO |d BUB |d OCLCA |d CANPU |d BDP |d OCLCA |d OCL |d IL4J6 |d OCLCO |d OCLCL |d OCLCQ |d OCLCL |d OCLCQ | ||
| 015 | |a GBA502754 |2 bnb | ||
| 016 | 7 | |a 013080065 |2 Uk | |
| 019 | |a 57429539 |a 895133092 | ||
| 020 | |a 0521812879 |q (hdbk.) | ||
| 020 | |a 9780521812870 |q (hdbk.) | ||
| 020 | |a 0521607825 | ||
| 020 | |a 9780521607827 | ||
| 024 | 3 | |a 9780521812870 | |
| 029 | 1 | |a AU@ |b 000026125874 | |
| 029 | 1 | |a DEBBG |b BV020838522 | |
| 029 | 1 | |a DEBBG |b BV020869252 | |
| 029 | 1 | |a DEBSZ |b 116277378 | |
| 029 | 1 | |a GEBAY |b 7689460 | |
| 029 | 1 | |a NLGGC |b 267048610 | |
| 029 | 1 | |a NZ1 |b 8756244 | |
| 029 | 1 | |a YDXCP |b 100372443 | |
| 029 | 1 | |a UKMGB |b 013080065 | |
| 035 | |a (OCoLC)56192330 |z (OCoLC)57429539 |z (OCoLC)895133092 | ||
| 042 | |a pcc | ||
| 043 | |a n-us--- | ||
| 050 | 0 | 0 | |a D804.7.P73 |b L44 2005 |
| 055 | 4 | |a D804.7 P73 |b L44 | |
| 060 | 4 | |a 000115849 | |
| 082 | 0 | 0 | |a 070.4/499405318 |2 22 |
| 084 | |a 05.33 |2 bcl | ||
| 084 | |a NQ 2360 |2 rvk | ||
| 084 | |a 8 |2 ssgn | ||
| 084 | |a 8,1 |2 ssgn | ||
| 049 | |a MAIN | ||
| 100 | 1 | |a Leff, Laurel, |d 1957-, |e author | |
| 245 | 1 | 0 | |a Buried by the Times : |b the Holocaust and America's most important newspaper / |c Laurel Leff. |
| 264 | 1 | |a New York : |b Cambridge University Press, |c 2005. | |
| 300 | |a xii, 426 pages : |b illustrations, maps ; |c 23 cm | ||
| 336 | |a text |b txt |2 rdacontent | ||
| 337 | |a unmediated |b n |2 rdamedia | ||
| 338 | |a volume |b nc |2 rdacarrier | ||
| 504 | |a Includes bibliographical references (pages 377-416) and index. | ||
| 505 | 0 | |a "Last voice from the abyss" -- 1933-1941 -- "Not a Jewish problem": the publisher's perspective on the Nazis' rise and the refugee crisis -- This here is Germany": reporting from the Berlin bureau -- "Worthy of France": the vichy government's anti-semitic laws and concentration camps -- "A new life in Nazi-built ghettos": German domination of Poland, Rumania, and the Baltic states -- 1942-1945 -- "To awaken the conscience of Christendom": pressure to publicize the first news of the extermination campaign -- "Amidst the advertisements on page 19": placement decisions and the role of the news editors -- "All Jews are not brothers": the publisher's fight with Zionists -- "The Semitic question should be avoided": German atrocities and U.S. government propaganda -- "Final phase of supreme tragedy has begun": The war refugee board and the destruction of Hungary's Jews -- "Political prisoners, slave laborers, and civilians of many nationalities": the liberation of the concentration camps -- "Lessons from the Hitler tragedy": the publisher and the aftermath of war -- "The horrible story was not told." | |
| 520 | |a An in-depth look at how The New York Times failed in its coverage of the fate of European Jews from 1939-1945. It examines how the decisions that were made at The Times ultimately resulted in the minimizing and misunderstanding of modern history's worst genocide. Laurel Leff, a veteran journalist and professor of journalism, recounts how personal relationships at the newspaper, the assimilationist tendencies of The Times' Jewish owner, and the ethos of mid-century America, all led The Times to consistently downplay news of the Holocaust. It recalls how news of Hitler's 'final solution' was hidden from readers and-because of the newspaper's influence on other media-from America at large. Buried by The Times is required reading for anyone interested in America's response to the Holocaust and for anyone curious about how journalists determine what is newsworthy. | ||
| 590 | |b TAG Physical Holdings 2 | ||
| 610 | 2 | 0 | |a New York Times Company. |0 http://id.loc.gov/authorities/names/n81050013 |
| 630 | 0 | 4 | |a New York Times. |
| 610 | 2 | 5 | |a New York Times Company. |
| 610 | 2 | 6 | |a New York Times Company. |
| 610 | 2 | 7 | |a New York Times Company. |2 fast |0 (OCoLC)fst00556521 |
| 610 | 2 | 7 | |a New York Times Company |2 gnd |
| 610 | 2 | 7 | |a Schlagzeile |2 gnd |
| 610 | 2 | 7 | |a Umschulungswerkstätten für Siedler und Auswanderer |g Bitterfeld |2 gnd |
| 610 | 2 | 7 | |a New York Times Company. |2 nli |
| 630 | 0 | 7 | |a New York Times. |2 swd |
| 650 | 0 | |a Holocaust, Jewish (1939-1945) |x Press coverage |z United States. | |
| 650 | 0 | |a World War, 1939-1945 |x Press coverage |z United States. | |
| 650 | 0 | |a Journalism |x Social aspects |z United States. | |
| 650 | 6 | |a Holocauste, 1939-1945, dans la presse |z États-Unis. | |
| 650 | 6 | |a Guerre mondiale, 1939-1945 |x Couverture de presse |z États-Unis. | |
| 650 | 6 | |a Presse |x Aspect social |z États-Unis. | |
| 650 | 7 | |a Journalism |x Social aspects. |2 fast |0 (OCoLC)fst00984087 | |
| 650 | 7 | |a Press coverage. |2 fast |0 (OCoLC)fst01198921 | |
| 651 | 7 | |a United States. |2 fast |0 (OCoLC)fst01204155 |1 https://id.oclc.org/worldcat/entity/E39PBJtxgQXMWqmjMjjwXRHgrq | |
| 650 | 7 | |a Berichterstattung |2 gnd | |
| 650 | 7 | |a Judenverfolgung |2 gnd | |
| 650 | 7 | |a Judenvernichtung |2 gnd | |
| 650 | 7 | |a Weltkrieg |g 1939-1945 |2 gnd | |
| 650 | 7 | |a Drittes Reich |2 gnd | |
| 651 | 7 | |a Deutschland |2 gnd | |
| 650 | 1 | 7 | |a Holocaust. |2 gtt |
| 650 | 1 | 7 | |a Berichtgeving. |2 gtt |
| 650 | 1 | 7 | |a The Times (krant) |2 gtt |
| 650 | 7 | |a Holocaust, Jewish (1939-1945) |x Press coverage |z United States. |2 nli | |
| 650 | 7 | |a World War, 1939-1945 |x Press coverage |z United States. |2 nli | |
| 650 | 7 | |a Journalism |x Social aspects |z United States. |2 nli | |
| 647 | 7 | |a World War |d (1939-1945) |2 fast |0 (OCoLC)fst01180924 |1 https://id.oclc.org/worldcat/entity/E39Qhp4vBbhpRH9XvjbDFXtxhb | |
| 647 | 7 | |a Jewish Holocaust |d (1939-1945) |2 fast |0 (OCoLC)fst00958866 |1 https://id.oclc.org/worldcat/entity/E39Qhp4vB9Pg8WWKGbgjvXPmfy | |
| 648 | 7 | |a 1939-1945 |2 fast | |
| 648 | 7 | |a Geschichte 1933-1945. |2 swd | |
| 856 | 4 | 1 | |3 Table of contents |u http://catdir.loc.gov/catdir/toc/ecip0421/2004018271.html |t 0 |
| 856 | 4 | 2 | |3 Contributor biographical information |u http://catdir.loc.gov/catdir/enhancements/fy0732/2004018271-b.html |t 0 |
| 856 | 4 | 2 | |3 Publisher description |u http://catdir.loc.gov/catdir/description/cam051/2004018271.html |t 0 |
| 938 | |a Baker & Taylor |b BKTY |c 29.00 |d 21.75 |i 0521812879 |n 0006086705 |s active | ||
| 938 | |a Baker and Taylor |b BTCP |n BK0006086752 | ||
| 938 | |a Ingram |b INGR |n 9780521812870 | ||
| 938 | |a YBP Library Services |b YANK |n 100372443 | ||
| 994 | |a 92 |b TAG | ||
| 852 | |a TAG |b TAGC |c galv,stk |h D804.7.P73 L44 2005 |t c.1 | ||
| 876 | |c 23.20 |p 33620001121181 |x Acc# 2006-0749 |v unmediated -- volume | ||
| 999 | f | f | |s 7c5196a0-b8c9-4cec-bfab-4ca52a2848e5 |i 1d0b534e-98cc-49a1-9cd6-b142e62c6372 |t 0 |
| 952 | f | f | |p normal |a Texas A&M University |b Galveston Campus |c Jack K. Williams Library |d Galveston Stacks |t 0 |e D804.7.P73 L44 2005 |h Library of Congress classification |i unmediated -- volume |m 33620001121181 |
| 998 | f | f | |a D804.7.P73 L44 2005 |t 0 |l Galveston Stacks |